000
00367nam a2200133Ia 4500
008
151001s9999||||xx |||||||||||||| ||und||
100
_a
मधुसूदन कालेलकर
245
_a
हे फुल चंदनाचे
250
_a
1
260
_b
लळीत प्रकाशन पुणे
260
_c
1967
300
_a
113
365
_b
7
999
_c
954618
_d
954615